<?xml version="1.0" encoding="UTF-8"?>
<record
    xmlns:xsi="http://www.w3.org/2001/XMLSchema-instance"
    xsi:schemaLocation="http://www.loc.gov/MARC21/slim http://www.loc.gov/standards/marcxml/schema/MARC21slim.xsd"
    xmlns="http://www.loc.gov/MARC21/slim">

  <leader>00970nam a22002775i 4500</leader>
  <controlfield tag="001">016526937</controlfield>
  <controlfield tag="003">OSt</controlfield>
  <controlfield tag="005">20160225111957.0</controlfield>
  <controlfield tag="008">131024t2014    enkadk frb    001 0 eng d</controlfield>
  <datafield tag="020" ind1=" " ind2=" ">
    <subfield code="a">9781292022321 (paperback)</subfield>
  </datafield>
  <datafield tag="040" ind1=" " ind2=" ">
    <subfield code="a">Uk</subfield>
    <subfield code="b">eng</subfield>
    <subfield code="c">Uk</subfield>
    <subfield code="d">EG-ScBUE</subfield>
    <subfield code="d">EG-ScBUE</subfield>
  </datafield>
  <datafield tag="082" ind1="0" ind2="4">
    <subfield code="a">658.1522</subfield>
    <subfield code="b">TIT</subfield>
    <subfield code="2">22</subfield>
  </datafield>
  <datafield tag="100" ind1="1" ind2=" ">
    <subfield code="a">Titman, Sheridan.</subfield>
    <subfield code="9">36759</subfield>
  </datafield>
  <datafield tag="245" ind1="1" ind2="0">
    <subfield code="a">Valuation :</subfield>
    <subfield code="b">the art and science of corporate investment decisions /</subfield>
    <subfield code="c">Sheridan Titman, John Martin.</subfield>
  </datafield>
  <datafield tag="250" ind1=" " ind2=" ">
    <subfield code="a">2nd ed., Pearson New international ed.</subfield>
  </datafield>
  <datafield tag="260" ind1=" " ind2=" ">
    <subfield code="a">Harlow :</subfield>
    <subfield code="b">Pearson Education Limited,</subfield>
    <subfield code="c">c.2014.</subfield>
  </datafield>
  <datafield tag="300" ind1=" " ind2=" ">
    <subfield code="a">II, 494 p. :</subfield>
    <subfield code="b">charts, forms, tables ;</subfield>
    <subfield code="c">28 cm.</subfield>
  </datafield>
  <datafield tag="500" ind1=" " ind2=" ">
    <subfield code="a">Index : p. 487-494.</subfield>
  </datafield>
  <datafield tag="504" ind1=" " ind2=" ">
    <subfield code="a">Includes bibliographical references.</subfield>
  </datafield>
  <datafield tag="650" ind1=" " ind2="7">
    <subfield code="a">Valuation.</subfield>
    <subfield code="2">BUEsh</subfield>
    <subfield code="9">36760</subfield>
  </datafield>
  <datafield tag="650" ind1=" " ind2="7">
    <subfield code="a">Capital investments.</subfield>
    <subfield code="2">BUEsh</subfield>
    <subfield code="9">36761</subfield>
  </datafield>
  <datafield tag="651" ind1=" " ind2=" ">
    <subfield code="2">BUEsh</subfield>
  </datafield>
  <datafield tag="653" ind1=" " ind2=" ">
    <subfield code="b">BUSADM</subfield>
    <subfield code="c">December2014</subfield>
    <subfield code="c">February2016</subfield>
  </datafield>
  <datafield tag="700" ind1="1" ind2=" ">
    <subfield code="a">Martin, John D.,</subfield>
    <subfield code="d">1945-</subfield>
    <subfield code="9">36762</subfield>
  </datafield>
  <datafield tag="942" ind1=" " ind2=" ">
    <subfield code="2">ddc</subfield>
    <subfield code="k">658.1522 TIT</subfield>
  </datafield>
  <datafield tag="999" ind1=" " ind2=" ">
    <subfield code="c">18705</subfield>
    <subfield code="d">18677</subfield>
  </datafield>
  <datafield tag="952" ind1=" " ind2=" ">
    <subfield code="0">0</subfield>
    <subfield code="1">0</subfield>
    <subfield code="2">ddc</subfield>
    <subfield code="4">0</subfield>
    <subfield code="7">0</subfield>
    <subfield code="8">Baccah</subfield>
    <subfield code="a">MAIN</subfield>
    <subfield code="b">MAIN</subfield>
    <subfield code="c">1ST</subfield>
    <subfield code="d">2014-12-02</subfield>
    <subfield code="e">purchase</subfield>
    <subfield code="g">246.00</subfield>
    <subfield code="h">20677</subfield>
    <subfield code="l">0</subfield>
    <subfield code="o">658.1522 TIT</subfield>
    <subfield code="p">000037088</subfield>
    <subfield code="r">2025-07-15 00:00:00</subfield>
    <subfield code="v">307.50</subfield>
    <subfield code="y">BB</subfield>
  </datafield>
  <datafield tag="952" ind1=" " ind2=" ">
    <subfield code="0">0</subfield>
    <subfield code="1">0</subfield>
    <subfield code="2">ddc</subfield>
    <subfield code="4">0</subfield>
    <subfield code="7">0</subfield>
    <subfield code="8">Academic</subfield>
    <subfield code="a">MAIN</subfield>
    <subfield code="b">MAIN</subfield>
    <subfield code="c">1ST</subfield>
    <subfield code="d">2016-02-25</subfield>
    <subfield code="e">Purchase</subfield>
    <subfield code="g">275.00</subfield>
    <subfield code="h">4875</subfield>
    <subfield code="l">0</subfield>
    <subfield code="o">658.1522 TIT</subfield>
    <subfield code="p">000031704</subfield>
    <subfield code="r">2025-07-15 00:00:00</subfield>
    <subfield code="v">343.75</subfield>
    <subfield code="y">BB</subfield>
  </datafield>
</record>
